[Event "2016 Continental"]
[Site "Colima"]
[Date "2016.11.08"]
[Round "4"]
[White "Zhou, Qiyu"]
[Black "Cori, Deysi"]
[Result "0-1"]
[WhiteElo "2312"]
[BlackElo "2430"]
[Annotator "John Upper"]
[PlyCount "56"]
[EventDate "2016.??.??"]
[EventCountry "MEX"]

{[%mdl 32768]} 1. e4 c5 2. Nf3 e6 3. d4 cxd4 4. Nxd4 Nc6 5. Nc3 a6 6. Be3 Qc7
7. Qd2 b5 {[#]} 8. a4 $2 (8. O-O-O Nf6 (8... Bb7) 9. Bf4 Qb6 10. Nxc6 Qxc6 11.
f3 Bb7 12. Bd3 b4 13. Ne2 Bc5 14. Kb1 Qb6 15. g4 d5 $13 {(1-0, 37) Garcia
Pantoja,R (2456)-Cordova,E (2610) Oaxtepec, 2016.}) (8. Nxc6 Qxc6 9. O-O-O Bb7
10. f3 Rc8 11. g4 Nf6 12. g5 Nh5 13. Bh3 Be7 14. Bg4 g6 15. Bxh5 $16 {(1-0, 34)
Shirov,A (2695)-Dubov,D (2629) Moscow, 2013.}) 8... b4 $11 9. Na2 Nf6 10. f3
Rb8 11. Be2 Ne5 12. b3 $6 {[#]} (12. c3 $142) 12... d5 $15 13. O-O-O dxe4 14.
Bf4 Nd5 15. Bxe5 Qxe5 16. fxe4 Nf6 $1 17. Bf3 Be7 18. Kb1 {[#]} Bb7 {Black
can't be too unhappy about giving up the b4-pawn, since that will open both
the b-file and the a3 diagonal, but allowing the Na2 back into the game gives
White her once chance...} (18... O-O $2 19. Nc6 $16) (18... Rb6 $1 {defends b4
and c6, giving Black time to finish developing.}) 19. Nxb4 $1 Rc8 (19... O-O $4
20. Nbc6 $16) 20. Ne2 $4 {After this it is all one-way traffic, with all
Black's pieces attacking the white K.} (20. Nd5 $3 {Spectacular, but it
utimately just gives back a pawn to trade some pieces and finish developing.}
exd5 (20... Nxe4 21. Bxe4 exd5 $2 22. Bf5 $16) 21. exd5 Bxd5 (21... O-O 22. d6
$14 {[%csl Rb7,Re7][%cal Rf3b7,Rd6e7] attacking both Bs.}) 22. Rhe1 Ne4 $8 (
22... Qd6 $2 23. Nf5 $18) 23. Bxe4 Bxe4 24. Nf3 $8 Bxc2+ (24... Qf5 $4 25. Rxe4
$18 {and check on d7.}) (24... Rxc2 $4 25. Qd7+ $18) 25. Qxc2 $11) 20... Qc7
21. Nd4 $6 {White was under 2 minutes, but there are no good moves to be found
even with much more time.} (21. Ng3 Bxb4 $2 (21... a5 $1 $15) 22. Qxb4 Qxc2+
23. Ka1 $11 {Black got the pawn back, but White threatens Rc1 and Nf5.}) (21.
e5 Bxf3 22. gxf3 Qxe5 $17) 21... O-O $19 22. e5 {[#] Black has too many good
choices.} Ne4 (22... Bxb4 $1 23. Qxb4 Bxf3 $1 24. gxf3 (24. Nxf3 Qxc2+ $19)
24... Nd5 $19) 23. Bxe4 Bxe4 24. Nxa6 $2 Qb7 $1 {[%csl Ra6] Trapping the N
while keeping the B-pair slicing across White's porous queenside.} 25. Qe2 Rxc2
26. Nxc2 Qxb3+ 27. Kc1 Bg5+ 28. Rd2 Qxc2# 0-1

[Event "2016 Continental"]
[Site "Colima"]
[Date "2016.11.10"]
[Round "6.3"]
[White "Martinez, Ayelen"]
[Black "Zhou, Qiyu"]
[Result "0-1"]
[WhiteElo "2238"]
[BlackElo "2312"]
[Annotator "MacKinnon / Upper"]
[PlyCount "60"]
[EventDate "2016.??.??"]
[EventCountry "MEX"]
[WhiteClock "0:36:36"]
[BlackClock "0:14:40"]

{[%mdl 32768] http://chess.ca/newsfeed/node/913} 1. e4 e5 2. Nf3 Nc6 3. Bb5 a6
4. Ba4 Nf6 5. O-O Be7 6. Re1 b5 7. Bb3 d6 8. c3 O-O 9. h3 Nb8 {[#] The Breyer
Variation is a popular choice nowadays. The basic idea is to reroute the
Knight to d7, fianchetto with Bb7, and then use the c-pawn as needed to
contest the center.} (9... Na5 {is the classical continuation} 10. Bc2 c5) 10.
d4 (10. a4 $5 {is a seldom-played possibility, but it doesn't appear to yield
much} Bb7 11. axb5 axb5 12. Rxa8 Bxa8 13. d3) 10... Nbd7 11. Nbd2 Bb7 12. Bc2
Re8 13. Nf1 Bf8 14. Ng3 g6 15. a4 {[#] It's clear that both players were
booked up. So far, all of White's moves are the most common in the position.}
c6 {this is a solid way of playing the position, but my feeling is that White
gets a small edge.} (15... c5 {would be my first reaction here - contesting
the centre and not minding a closed position} 16. d5 c4 $1 {And an unclear
position with chances for both sides emerges.} 17. Bg5 {is scoring best for
White. It provokes ...h6 before heading back to e3} h6 18. Be3 Qc7 {
recommended by GM Roiz, whose opinion is based on the game} 19. Qd2 h5 20. Ra3
Nc5 21. Rea1 Bg7 22. Qc1 Nfd7 23. axb5 axb5 24. Rxa8 Rxa8 25. Rxa8+ Bxa8 26.
Qa1 Bb7 {(1/2-1/2, 47) Kokarev,D (2611)-Khismatullin,D (2656) St. Petersburg,
2013.}) 16. Bg5 Bg7 17. Qd2 {[#]} Qc7 {We're still in established opening
theory here, but I can't help but feel that Black's play has been a little too
tentative. White has a clear edge.} (17... Qe7 18. b3 (18. b4 Nb6 19. Bb3 bxa4
20. Bxa4 Nxa4 21. Rxa4 Qe6 22. Bh6 Bh8 23. Ng5 Qe7 24. f4 exf4 25. Qxf4 Nd5 $1
26. Qd2 f6 27. Nf3 Nb6 28. Raa1 Qf7 {1/2-1/2 Kovalev,V (2557) -Sargissian,G 
(2671) Minsk, 2014.}) 18... Rac8 19. axb5 cxb5 20. d5 Rc7 21. Be3 Rec8 22. Ne2
Nc5 $11 {(1-0, 106) Hou,Y (2673)-Kosintseva,T (2483) Beijing (blitz), 2014.})
18. Bh6 Bh8 (18... Nf8 19. b4 Ne6 20. Bb3 Nd7 21. Rad1 bxa4 22. Bxa4 a5 23.
bxa5 Rxa5 24. Bb3 Ndf8 25. Bxg7 Kxg7 26. Nf1 $14 {1-0 (70) Kosteniuk,A (2498)
-Zhao,X (2496) Moscow, 2011.}) 19. Nf5 $1 $146 {A strong novelty, putting Qiyu
under a lot of pressure. White's advantage stems from more active pieces and a
space advantage.} (19. Bb3 c5 20. Ng5 c4 21. Bc2 d5 22. dxe5 Nxe5 23. f4 $6
Neg4 $1 24. hxg4 Nxg4 25. e5 (25. Nxf7 Qb6+ $15) 25... Nxh6 26. Nf3 Ng4 $15 {
1-0 (40) Polgar,J (2687)-Golod, V (2599) Netanya, 2009.}) 19... Rad8 20. axb5
axb5 21. Ra7 {[#]} d5 $2 {The first mistake of the game but also a very
serious one. Qiyu understandably tries to untangle her position somewhat by
hitting back in the centre. There is a major tactical flaw, however.} (21...
Nf8 $142) (21... Nb6 $142) 22. Qg5 $2 (22. Nxe5 $1 Nxe5 (22... dxe4 23. Nxf7 $1
$18 Qb6 (23... Kxf7 24. Rxb7 (24. Bb3+ Nd5 25. Rxb7 $18) 24... Qxb7 25. Nd6+)
24. Rxb7 Qxb7 25. Qg5 {and Black cannot survive.}) 23. dxe5 {[#]Analysis
Diagram} dxe4 (23... Rxe5 24. Bf4 $18) (23... Qb8 24. exf6 Qxa7 25. Ne7+ Rxe7
26. fxe7 Re8 27. Bg5 $1 (27. exd5 cxd5 {should also win.}) 27... Qc5 (27... f6
$2 28. Be3 Qa2 29. Bc5 $18 {and the e7 pawn is a monster.}) 28. e5 $1 {A neat
move aiming for Bf6; just compare the activity of the Bishops.}) 24. Nd6 $18
Rxe5 25. Rxb7 Qxd6 26. Qxd6 Rxd6 27. Bf4 $1 {An important final nuance} (27.
Rxe4 {is strong as well - taking advantage of back rank problems.})) 22... dxe4
$1 {And Qiyu is right back in it!} 23. Bb3 {[#]} Nb6 $2 (23... Rb8 {A hard
move to play - but necessary to defend against Bxf7+ and Rxb7 followed by Nd6+
ideas} 24. Rxe4 $1 c5 (24... Nxe4 $2 25. Qe7 $1 {This is the wildest position
I've seen in a while! Black's getting checkmated in a few more moves.}) (24...
Nc5 $2 {Almost works, but the computer shows a very pretty line:} 25. Rxe5 (25.
dxc5 $2 Nxe4 $15) 25... Nxb3 26. Qf4 $3 Rxe5 27. Nxe5 Nd5 (27... Rc8 28. Nd6
Qxd6 29. Nxg6 Qxf4 30. Ne7#) 28. Nxg6 $3 Nxf4 (28... hxg6 29. Ne7+ Qxe7 30.
Qxb8+ $18) 29. Nfe7+ Qxe7 30. Nxe7#) 25. dxe5 $16) 24. Nxe5 (24. Bxf7+ $3 {
also keeps a big advantage} Kxf7 (24... Qxf7 25. Nxe5 Rxe5 26. dxe5 Nbd5 $18)
25. Nxe5+ Ke6 (25... Kg8 26. Nxg6 $18) (25... Rxe5 26. dxe5 gxf5 (26... Nfd5
27. Rxb7 $18) 27. exf6 Bxf6 28. Qxf5 $18) 26. Ng3 $18 {And Black is in big
trouble with her King so exposed.}) 24... Nfd5 {[#] The right idea - limiting
the b3 Bishop's scope.} 25. Ng4 (25. Qh4 $1 f6 (25... Ra8 26. Rxa8 Bxa8 27.
Rxe4 $18 {White is up material, her pieces are better, and her attack
continues.}) 26. Nxg6 $1 hxg6 27. Bf4 {All of White's pieces are coordinated
perfectly. Here's the line my Komodo engine gives:} Qc8 28. Nh6+ Kf8 29. Ng4
Bg7 30. Bh6 Nd7 31. Bxg7+ Kxg7 32. Qh6+ Kf7 33. Qh7+ Ke6 34. Qxg6 Kd6 35. Nh6
$18) 25... Qb8 26. Rea1 Nc4 {[#]} 27. Qh4 (27. Nfe3 $1 Ndxe3 (27... Ncxe3 28.
fxe3 Rd6 29. Bxd5 cxd5 30. Qh4 $18 {threatening Bf4.}) 28. fxe3 $18 (28. Nxe3
$18) 28... f5 {opening the 7th to defend g7.} 29. Nf6+ Bxf6 30. Qxf6 Rd7 31.
R1a4 $3 {a preposterous but effective way to force open the a2-diagonal.} Rf7
32. Qh4 bxa4 33. Bxc4 Qxa7 34. Qf6 {[%eval 32764,0]}) 27... f6 $2 (27... Rd7
$142 $16) 28. Nfe3 Ncxe3 29. Nxf6+ $4 {Playing for mate, but any of the three
recaptures on e3 leaves White with a winning advantage.} Bxf6 30. Qxf6 Nf5 $8 {
[%mdl 64] [#] Defending the mate on g7, saving the hanging piece on e3, and
threatening to chop the attacker of h6. White resigned. It is aways shocking
when your opponent comes back with a move you had overlooked (30... Nf5), but
it's necessary to compose yourself and try to find the best move. If we take
stock, White is down a piece for a pawn, but the exposed Black King and the
terrible Bb7 give White big compensation. In fact, there is actually a forced
draw here after:} (30... Nf5 31. Bf4 $1 $11 {and Qiyu would do best to go for
the draw after ...Qxf4:} Qc8 (31... Qxf4 32. Rxb7 Rf8 33. Bxd5+ cxd5 34. Qe6+
Kh8 35. Raa7 Qc1+ $11 {with a repetition.}) 32. Be5 Rxe5 $13 33. dxe5 Rf8 34.
Bxd5+ cxd5 35. Qb6 Rf7 $8 (35... Bc6 36. Rc7 $18) 36. Kh2 $13 {major
prophylaxis against ...d4 and ...e3 followed by ...Qc2.} (36. e6 $5 $13)) 0-1

[Event "WCCC U8"]
[Site "?"]
[Date "2016.10.22"]
[Round "4"]
[White "Atanasov, Anthony"]
[Black "Ansat, Aldiyar"]
[Result "1-0"]
[WhiteElo "1546"]
[BlackElo "1791"]
[Annotator "John Upper"]
[PlyCount "111"]
[EventDate "2016.10.22"]
[EventType "swiss"]
[EventRounds "11"]
[EventCountry "GEO"]

{[%mdl 32768] Black equalizes easily after a bland opening by White, but the
game produces an interesting middlegame material imbalance --- RPP vs BB --
which White handles better than Black.} 1. d4 Nf6 2. Nf3 c5 3. d5 e6 4. Nc3 (4.
c4 {going into a Benoni is normal, though White should be prepared for a
Blumenfeld gambit with} b5) 4... exd5 5. Nxd5 Nxd5 6. Qxd5 Be7 {Diagram [#]} 7.
e3 {After this Black should be at least equal on all lines as he can play ...
d5 with more space. More testing moves are:} (7. Bf4 $1 Nc6 8. O-O-O O-O 9. Bd6
{1-0 (29) Landa,K (2638)-Simacek,P (2485) Czechia, 2013.}) (7. e4 $1 O-O 8. Be2
d6 9. O-O Nc6 10. c3 Be6 11. Qh5 h6 12. Rd1 $14 {(1-0, 36) Karpov,A (2740)
-Topalov,V (2640) Dos Hermanas, 1994.}) 7... O-O 8. Be2 Nc6 9. O-O Nb4 (9... d6
{preparing ...Be6 is another way to prepare ...d5, though White can change
course and play} 10. e4) 10. Qd1 d5 $11 {[#]} 11. c3 ({At some point White
will want to break out his DSB with c4 or e4, and could do so now.} 11. c4 $11)
11... Nc6 12. Qc2 Be6 13. Rd1 a5 {I'm not sure what this is supposed to do.} (
13... Rc8 {looks more natural.}) 14. Bd3 g6 15. e4 {Diagram [#]} d4 $1 (15...
dxe4 16. Bxe4 Qc7 17. Bh6 $14 (17. Ng5 $14)) 16. Bh6 c4 $1 (16... Re8 17. cxd4
cxd4 18. Bb5 $14 {White has pressure on Black's d-pawn.}) 17. Bxc4 (17. Bxf8
cxd3 18. Qxd3 Bxf8 19. Nxd4 Nxd4 20. cxd4 Qb6 $15 {White's center looks nice,
but it's not going anywhere.}) 17... Bxc4 18. cxd4 Ba6 {[%mdl 64] Diagram [#]
Critical Position White would like to keep his d4-e4 center as long as
possilble, but he's going to be forced to advance the d-pawn soon, and doing
so now is an improvement, kicking away the N when it doesn't have a good
choice of squares:} 19. Bxf8 (19. d5 $142 $1 Nb4 (19... Nb8 20. d6 Bf6 21. Bxf8
Qxf8 22. e5 Bg7 $16) (19... Re8 {saves the R but loses the game} 20. dxc6 Qc7
21. Qc3 $1 {threatens mate and defends the Q to unpin the c6-pawn,} Bf8 22.
Bxf8 Rxf8 23. cxb7 {with two extra pawns.}) 20. Qb3 Be2 $13 {makes an escape
square on a6 for the N,} (20... Re8 21. a3 a4 22. Qc3 $16 {with a mate threat
and attack on the Nb4} (22. Qxa4 $2 Bc4 $19 {traps the Q.})) 21. Bxf8 Bxf8 22.
Rd2 $13 {and at least Black has to give up the B pair.}) 19... Bxf8 20. a3 (20.
d5 {doesn't transpose to the previous note because after} Nb4 21. Qb3 a4 $1 22.
Qc3 {now that the Bh6 has taken the exchange on f8 there is no mate threat on
g7, so after} (22. Qxa4 $4 Bc4 {as above, White's Q is trapped.}) 22... Rc8 $1
$17 {Black either forks an exchange or gets his R to c2 with an attack on f2,
and an Octopus landing on d3.}) 20... Bg7 21. Qd2 Qd6 22. d5 Ne5 23. Nxe5 Bxe5
$15 {[#] Diagonals vs Files For the B-pair White has RPP and one of those
pawns is a protected passer. But White's Rs are not active now since there's
only one open file (which Black has covered) and not likely to be active
anytime soon, since the only way to open another file is to expose his K by
pushing his kingside pawns. OTOH, Black's B's are both active since there are
open diagonals. Not surprisingly, computers prefer Black.} 24. h3 {Either pawn
move has its disadvantages, since it restricts one B while giving squares to
the other; but I prefer} (24. g3 {which could make f2-f4 a tactical threat.})
24... Re8 $1 ({The automatic} 24... Rc8 $2 {is a mistake, since Black should
not want to trade off one of White's redundant Rs.}) 25. Re1 Rf8 26. Qc2 Qf6
27. Rab1 Qf4 (27... h5 $5 {aiming for ...h4 then ...Qf4 is another way to
harness the Bs for attack.}) 28. g3 Qh6 29. Kg2 Qg5 30. b4 axb4 31. axb4 {[#]}
b5 $6 (31... Bb5 $142 32. Qc5 Bd7 $15 {and ...Bc8 will protect the b7-pawn
while attacking the kingside.}) 32. Qc1 Qh5 33. Qe3 Bc8 {[#]} 34. Rh1 $1 {
White plays safe!} (34. g4 Qh4 35. f4 {is tempting, but there's no need to
advance the pawns unless forced to, and delaying their advance leaves Black
unsure of which diagonals to attack.}) (34. h4 Qg4 $15 {the following shows
one of Black's attacking chances:} 35. Rbc1 Qh3+ 36. Kg1 Bg4 37. Rc5 $2 Bd4 $1
$19) 34... Re8 35. Rbc1 Bg7 36. Qf3 {[#]} Qe5 {Black is hoping for an attack
with ...Bb7 and ...f5, but there's nothing wrong with the Q trade,} (36...
Qxf3+ 37. Kxf3 f5 38. Rhe1 fxe4+ 39. Rxe4 Rf8+ 40. Rf4 (40. Kg2 Bb7 $17) 40...
Rd8 $15) 37. Rhe1 Bb7 $6 (37... f5 $4 38. exf5 Qxe1 39. Rxe1 Rxe1 40. f6 $18) (
37... Bd7 $142 {protects b5.}) 38. Qd3 Rf8 (38... f5 $1 39. Qxb5 Re7 $13) 39.
Qxb5 Bc8 40. Qd3 Qd6 41. b5 f5 {[#] Black gets his break in, but it's a
different story with White's passed b-pawn and access along the c-file.} 42.
Rc6 $1 (42. e5 $1 Bxe5 43. Rc6 Qb8 44. d6 $18) 42... Qe5 43. Qc4 Bd7 {Diagram 
[#]} 44. b6 $2 {White tries to keep his kingside pawns in their defensive
lineup, but here he misses his chance to shut out Black's Bs for good.} (44. f4
$1 Qd4 (44... Qb2+ 45. Re2 $18) 45. Qxd4 Bxd4 46. e5 $1 $18 {Black has no
attack and White's pawns will roll.}) 44... fxe4 $6 (44... f4 $1 {threatening .
..fxg3 then ...Qh5, when g3-g4 loses to ....Bxg4.} 45. g4 Qg5 $1 $13 {and
Black has dangerous threats with ...Bxg4, or ...f3+ then ...Qh4.}) 45. Rxe4 Qf5
46. Rf4 Qxh3+ 47. Kg1 Ra8 $1 48. Qf1 $8 $16 {[#]} Qh5 $2 (48... Qxf1+ $142 49.
Kxf1 Rb8 50. Rb4 $16) 49. b7 $1 $18 Rb8 50. Qc1 $1 Be5 (50... Bh6 51. Rc8+ $18)
(50... Rxb7 51. Rc8+ {is mating.}) 51. Rc8+ Kg7 52. Rh4 (52. Qc5 $1 {aiming
for f8 is more precise, but White's cool move wins too.}) 52... Qe2 53. Qh6+ $1
Kf6 54. Rf4+ Bf5 55. Qf8+ Kg5 56. Qe7+ 1-0

[Event "CCSCSL Autumn Invitational"]
[Site "St Louis"]
[Date "2016.11.22"]
[Round "9.9"]
[White "Hua, Lefong"]
[Black "Colas, Josh"]
[Result "1-0"]
[WhiteElo "2284"]
[BlackElo "2347"]
[Annotator "John Upper"]
[PlyCount "127"]
[EventDate "2016.??.??"]
[EventCountry "USA"]
[WhiteClock "0:23:30"]
[BlackClock "0:02:46"]

{[%mdl 32768]} 1. d4 {A "Very dirty" win. - Lefong Hua.} e6 2. c4 Bb4+ 3. Bd2
Bxd2+ 4. Qxd2 d5 5. Nc3 Nf6 6. e3 O-O 7. cxd5 exd5 8. Bd3 {[#]} Qe7 (8... Nc6
9. Nge2 Ne7 10. Qc2 g6 11. h3 Bf5 12. g4 Bxd3 13. Qxd3 Nc8 14. O-O-O Nd6 $11 {
1-0 (38) Wojtaszek,R (2723)-Vocaturo,D (2597) Doha 2015}) 9. Nge2 Rd8 (9...
Nbd7 10. O-O b6 11. Rae1 Bb7 12. f3 c5 13. g4 Rfd8 14. Nf4 Nf8 15. g5 Ne8 16.
h4 $13 {1-0 (56) Fressinet,L (2696)-Bischoff,K (2547) Germany 2012}) 10. O-O b6
(10... Nbd7 11. Rae1 Nf8 12. f3 c5 13. dxc5 Qxc5 14. Rc1 Qb6 15. Nd4 Bd7 16.
Nce2 Rac8 17. a3 Rxc1 18. Rxc1 Rc8 19. Re1 Ne6 20. Bb1 g6 21. Ba2 $14 {1/2-1/2
(49) Bischoff,K (2537)-Tratar,M (2499) Austria 2012}) 11. Rfe1 Bb7 12. f3 c5
13. Rad1 Nc6 14. Ng3 g6 15. Qf2 Rac8 16. Bb1 Qf8 17. Nge2 Qh6 18. Nc1 Ba6 19.
Nd3 Bxd3 20. Bxd3 c4 21. Bf1 a6 22. e4 b5 23. e5 Nh5 24. g3 Ng7 25. f4 $14 {
[#] A typical queenside vs central strategy in the QG exchange.} b4 26. Na4 (
26. Nxd5 $5 Rxd5 27. Bxc4 $44) 26... Ne6 27. Bg2 Ne7 28. Rf1 c3 29. bxc3 bxc3
30. Rc1 Rc4 31. Nxc3 Rxd4 32. Rcd1 Rxd1 33. Rxd1 d4 34. Ne4 Nf5 35. Nf6+ {[#]}
Kh8 $1 $11 (35... Kg7 $2 36. h4 $16 {and the Qh6 is running short of squares.})
36. Nd5 Qf8 37. Be4 Qc5 38. Bxf5 Qxd5 39. Bxe6 fxe6 40. Rd3 Qe4 41. Qd2 g5 42.
fxg5 Kg8 43. h4 Qxe5 44. Qf2 (44. Rf3 $1 $11) 44... Qe4 45. Qd2 e5 46. Rb3 d3
$19 47. Kh2 Qf3 $2 {[%mdl 64] [#]Critical Position} (47... Qd5 48. g6 hxg6 49.
Qg5 Qd6 $19) 48. g6 $8 $132 {Only move, White now has significant counterplay.}
Qf5 (48... hxg6 49. Qg5 $8 $11) (48... Qe2+ 49. Qxe2 dxe2 50. gxh7+ Kxh7 51.
Re3 Rd2 52. Kg1 $8 $11 Rxa2 53. Rxe5 a5 54. Kf2 a4 (54... Kg6 $4 55. Rxe2 $18)
55. Ra5 $1 $11 (55. g4 $4 a3 56. Ra5 Ra1 $8 57. Kxe2 a2 58. Kf2 Rh1 $19) 55...
a3 56. Ra7+ $8 (56. g4 Ra1 $19 {as above.}) 56... Kg6 57. Ra6+ Kf5 58. h5 Ra1
59. Kxe2 a2 60. h6 Rh1 61. h7 $11) 49. gxh7+ Kh8 50. Rb7 Rc8 51. Qe3 Rf8 52.
Rb2 e4 53. a4 {[#]} Qe5 $2 (53... Qf3 $1 $19) 54. Rf2 $11 Rxf2+ 55. Qxf2 Kxh7
56. Qf7+ Kh6 57. Kh3 d2 58. g4 d1=Q 59. g5+ Qxg5 60. hxg5+ Kxg5 61. Qg7+ Kf4
62. Qh6+ Ke5 63. Qg5+ {[#]} Kd6 $4 {Played very quickly.} 64. Qd8+ {So was
this.} 1-0